000
00307nam a2200109Ia 4500
008
171211s9999 xx 000 0 und d
245
4
_a
The Politically Incorrect Guide to Hunting
245
_c
Frank Miniter
260
_c
2007
650
_x
ANIMALS
856
_u
http://down.ebook777.com/043/9781596985216.pdf
999
_c
348476
_d
348476